[Event "Challenge"]
[Site "http://www.queenalice.com/game.php?id=277494"]
[Date "2007.9.26"]
[Round "-"]
[White "amnesia"]
[Black "Reddaz"]
[Result "0-1"]
[WhiteElo "988"]
[BlackElo "1949"]

1. e4 c5 2. d4 cxd4 3. Qxd4 Nc6 4. Qd3 e6 5. c3 Bc5 6. a3 Qf6 7. Nh3 Ne5 8. Bg5
Nxd3+ 9. Bxd3 Qe5 10. f4 Qd6 11. Bc2 b6 12. Nd2 Ne7 13. Nc4 Qc6 14. b4 Bd6 15.
Nd2 O-O 16. O-O-O Qxc3 17. Nb1 Qc4 18. Rxd6 Nc6 19. Nd2 Qa2 20. Rd3 Qa1+ 21. Nb1
Bb7 22. Rhd1 f6 23. Bh4 a5 24. b5 Na7 25. Rxd7 Rab8 26. Be1 Nxb5 27. a4 Na3 28.
Bc3 Rbc8 29. Rxg7+ Kxg7 30. Rd7+ Kg8 31. Bxa1 Rxc2+ 32. Kd1 Ra2 33. Rxb7 Rxa1
34. Rxb6 Nxb1 35. Kc2 Na3+ 36. Kb3 Rb1+ 37. Kxa3 Rxb6 38. Nf2 Rb4 39. Nd3 Rxe4
40. g3 Re3 0-1

[Event "Challenge"]
[Site "http://www.queenalice.com/game.php?id=277496"]
[Date "2007.9.26"]
[Round "-"]
[White "amnesia"]
[Black "PaulB42"]
[Result "0-1"]
[WhiteElo "1100"]
[BlackElo "1726"]

1. d4 Nf6 2. Nc3 Nc6 3. e3 e6 4. Nf3 a6 5. Bd3 b5 6. O-O d5 7. Ng5 Qd7 8. e4
Nxd4 9. e5 h6 10. exf6 hxg5 11. Re1 Bd6 12. fxg7 Rg8 13. Bxg5 Rxg7 14. Nxd5 Qc6
15. Ne7 Bxe7 16. Bxe7 Qxg2# 0-1

[Event "Challenge"]
[Site "http://www.queenalice.com/game.php?id=277966"]
[Date "2007.9.27"]
[Round "-"]
[White "amnesia"]
[Black "julie"]
[Result "1-0"]
[WhiteElo "988"]
[BlackElo "1497"]

1. d4 e6 2. e4 Qh4 3. Nc3 b6 4. Nf3 Qh5 5. Ne2 Nf6 6. Nf4 Qa5+ 7. Bd2 Qa4 8. b3
Qc6 9. Ne5 Qd6 10. c3 Nxe4 11. Qh5 g6 12. Nfxg6 fxg6 13. Nxg6 Rg8 14. Ne5+ Kd8
15. Nf7+ Ke7 16. Nxd6 cxd6 17. Qxh7+ Rg7 18. Qxe4 d5 19. Qh4+ Ke8 20. Bh6 Rg8
21. Qh5+ Kd8 22. Bg5+ Be7 23. Bxe7+ Kxe7 24. Qh7+ Kf8 25. O-O-O Nc6 26. Rd3 Ne7
27. Rg3 Rxg3 28. hxg3 Ng8 29. Qh8 Bb7 30. Rh6 Ke7 31. Qg7+ Kd6 32. Rh5 Ne7 33.
Bb5 a6 34. Qe5# 1-0

[Event "Challenge"]
[Site "http://www.queenalice.com/game.php?id=279879"]
[Date "2007.10.1"]
[Round "-"]
[White "amnesia"]
[Black "NickThorp"]
[Result "0-1"]
[WhiteElo "1100"]
[BlackElo "1709"]

1. d4 d5 2. Nc3 Nf6 3. e3 Nc6 4. Bb5 Bg4 5. f3 Bf5 6. Nge2 a6 7. Bxc6+ bxc6 8.
Ng3 e6 9. e4 dxe4 10. fxe4 Bg4 11. Nce2 Bb4+ 12. Bd2 Bxd2+ 13. Qxd2 Bxe2 14.
Kxe2 O-O 15. e5 Nd5 16. Raf1 Qh4 17. c4 Nb6 18. c5 Nd5 19. Qd3 Rab8 20. Qd2 Rb4
21. Rd1 Rfb8 22. b3 a5 23. Qd3 Nf4+ 24. Kf2 Nxd3+ 25. Rxd3 Rxd4 26. Rf3 Rbd8 27.
Re1 Rd2+ 28. Kg1 R8d3 29. Ne4 Qxe1+ 30. Rf1 Qxe4 31. Rxf7 Qxg2# 0-1

[Event "Challenge"]
[Site "http://www.queenalice.com/game.php?id=288919"]
[Date "2007.10.18"]
[Round "-"]
[White "amnesia"]
[Black "stonkin"]
[Result "0-1"]
[WhiteElo "1100"]
[BlackElo "1199"]

1. d4 d5 2. Nc3 e6 3. f4 Nc6 4. e3 Qh4+ 5. g3 Qf6 6. Nb5 Kd8 7. Bd3 a6 8. Nc3 b5
9. Ne4 Qe7 10. c3 f5 11. Ng5 b4 12. Qh5 Nf6 13. Nf7+ Ke8 14. Nd6+ Kd7 15. Qf7
Kxd6 16. Qxe7+ Bxe7 17. Nf3 Bd7 18. O-O Be8 19. h4 h6 20. a3 Na5 21. Bd2 Nb3 22.
Rad1 Nxd2 23. Rxd2 Nh5 24. Kg2 Nf6 25. c4 c6 26. c5+ Kc7 27. axb4 Ng4 28. Ra1
Kb7 29. b3 Nxe3+ 30. Kg1 Bh5 31. Rda2 Nc2 32. Bxc2 Bxf3 33. Re1 Bf6 34. Re3 Bxd4
35. Kf2 Bxe3+ 36. Kxf3 Bd2 37. Bd3 Bxb4 38. Re2 Rhe8 39. g4 g5 40. fxg5 hxg5 41.
h5 Re7 42. gxf5 Rf8 43. f6 Rxf6+ 44. Kg4 Rg7 45. Kg3 Bxc5 46. Rh2 Bd6+ 47. Kh3
Bxh2 48. Kxh2 Rh6 49. Be2 g4 50. Kg3 Rxh5 51. b4 Re5 52. Bxg4 Re4 53. Kh4 Rexg4+
54. Kh5 Rg8 55. b5 axb5 56. Kh6 Rh4# 0-1

[Event "Challenge"]
[Site "http://www.queenalice.com/game.php?id=291786"]
[Date "2007.10.23"]
[Round "-"]
[White "stonkin"]
[Black "amnesia"]
[Result "1-0"]
[WhiteElo "1242"]
[BlackElo "1025"]

1. e4 e5 2. Nf3 d6 3. c3 Bg4 4. d4 Bxf3 5. Qxf3 Be7 6. Bb5+ c6 7. Bd3 Qa5 8. O-O
Qb6 9. Na3 Nh6 10. Rb1 g6 11. Bxh6 f5 12. Bc4 exd4 13. Bg7 dxc3 14. bxc3 Qc5 15.
Rb3 Rf8 16. Bxf8 Kxf8 17. Qh3 h5 18. exf5 Nd7 19. fxg6 Kg7 20. Qxd7 Kxg6 21.
Qxe7 Qe5 22. Qf7+ Kg5 23. g3 Re8 24. f4+ 1-0

[Event "Challenge"]
[Site "http://www.queenalice.com/game.php?id=298125"]
[Date "2007.11.4"]
[Round "-"]
[White "silviapim"]
[Black "amnesia"]
[Result "0-1"]
[WhiteElo "1062"]
[BlackElo "1021"]

1. e4 e5 2. Nf3 Nc6 3. Bd3 d6 4. c3 Bg4 5. Bb5 Nf6 6. h3 Bxf3 7. gxf3 a6 8.
Bxc6+ bxc6 9. d3 d5 10. Qb3 Rb8 11. Qd1 Bc5 12. Qe2 d4 13. Nd2 O-O 14. b4 dxc3
15. Nc4 Bxb4 16. Nxe5 c2+ 17. Kf1 Bc3 18. Qxc2 Bxa1 19. Nxc6 Qd6 20. Nxb8 Rxb8
21. e5 Bxe5 22. f4 Qd5 23. fxe5 Qxh1+ 24. Ke2 Qxh3 25. exf6 Re8+ 26. Kd1 Qh1+
27. Kd2 Qe1# 0-1

[Event "Challenge"]
[Site "http://www.queenalice.com/game.php?id=303896"]
[Date "2007.11.14"]
[Round "-"]
[White "amnesia"]
[Black "stonkin"]
[Result "0-1"]
[WhiteElo "988"]
[BlackElo "1500"]

1. d4 d5 2. Nc3 e6 3. e3 Nf6 4. Bd2 Nc6 5. Bb5 Bd7 6. Ba4 a6 7. Bxc6 bxc6 8. Nf3
Bb4 9. Ng5 Bxc3 10. bxc3 Qe7 11. O-O c5 12. Qb1 Bb5 13. Re1 Ne4 14. Bc1 Nxg5 15.
a4 Bc6 16. h4 Ne4 17. Ra3 Qxh4 18. Re2 Qe7 19. Rb3 O-O 20. f3 Ng3 21. Re1 Qh4
22. Bd2 c4 23. Rb4 Ne4 24. fxe4 dxe4 25. a5 Bb5 26. Rd1 c6 27. Be1 Qg5 28. Bf2
h5 29. Rf1 f5 30. Rb2 f4 31. Re1 h4 32. Qa2 f3 33. Qa3 Qxg2# 0-1

[Event "Challenge"]
[Site "http://www.queenalice.com/game.php?id=307435"]
[Date "2007.11.20"]
[Round "-"]
[White "julie"]
[Black "amnesia"]
[Result "0-1"]
[WhiteElo "1497"]
[BlackElo "988"]

1. e4 Nc6 2. Nf3 e5 3. Bc4 d6 4. d3 Bg4 5. h3 Bxf3 6. Qxf3 Nd4 7. Qd1 Qh4 8. g3
Qf6 9. c3 Nf3+ 10. Kf1 O-O-O 11. Na3 Nh6 12. Qa4 a6 13. Qb4 d5 14. Qa5 Bxa3 15.
Qxa3 dxc4 16. dxc4 Rd1+ 17. Kg2 Ne1+ 18. Kh2 Qxf2# 0-1

[Event "Challenge"]
[Site "http://www.queenalice.com/game.php?id=315350"]
[Date "2007.12.5"]
[Round "-"]
[White "dida"]
[Black "amnesia"]
[Result "1-0"]
[WhiteElo "1549"]
[BlackElo "1034"]

1. e4 e5 2. Nf3 Nc6 3. a3 d6 4. c3 Bg4 5. h3 Bxf3 6. Qxf3 Nh6 7. d3 Ng8 8. Nd2
f6 9. Nc4 Qd7 10. h4 O-O-O 11. Be3 b6 12. Bxb6 1-0

[Event "Challenge"]
[Site "http://www.queenalice.com/game.php?id=318094"]
[Date "2007.12.10"]
[Round "-"]
[White "MurielleLyon"]
[Black "amnesia"]
[Result "1-0"]
[WhiteElo "1251"]
[BlackElo "1034"]

1. d4 d5 2. e3 Nf6 3. Bb5+ c6 4. Bd3 Qa5+ 5. Qd2 Qxd2+ 6. Bxd2 e6 7. Na3 Bxa3 8.
bxa3 O-O 9. h4 h5 10. Nh3 Nbd7 11. Nf4 e5 12. Nh3 b5 13. Ba5 exd4 14. exd4 Re8+
15. Kd1 Ng4 16. Bf5 Nxf2+ 17. Nxf2 1-0

[Event "Let's Play Chess!"]
[Site "http://www.queenalice.com/game.php?id=332620"]
[Date "2008.1.8"]
[Round "-"]
[White "amnesia"]
[Black "andres6"]
[Result "1-0"]
[WhiteElo "1070"]
[BlackElo "1278"]

1. e4 e5 2. Nf3 Nc6 3. Bb5 a6 4. Bxc6 dxc6 5. Nxe5 f6 6. Qh5+ g6 7. Nxg6 hxg6 8.
Qxh8 Ne7 9. Qxf6 Bg4 10. h3 Bd7 11. O-O c5 12. d3 Bb5 13. Bg5 Qc8 14. Qe5 Kf7
15. f4 Nc6 16. Qf6+ Kg8 17. Qxg6+ Bg7 18. Bf6 1-0

[Event "Challenge"]
[Site "http://www.queenalice.com/game.php?id=338039"]
[Date "2008.1.17"]
[Round "-"]
[White "Caduh"]
[Black "amnesia"]
[Result "0-1"]
[WhiteElo "1029"]
[BlackElo "1050"]

1. d4 d5 2. g4 Bxg4 3. Nc3 e6 4. f4 Nh6 5. b4 Bxb4 6. Kf2 Bxc3 7. Rb1 Nf5 8. h3
Bxd4+ 9. Qxd4 Nxd4 10. Ba3 Qh4+ 11. Kg2 Nf5 12. e3 Qg3# 0-1

[Event "Challenge"]
[Site "http://www.queenalice.com/game.php?id=340013"]
[Date "2008.1.21"]
[Round "-"]
[White "BOBBY27"]
[Black "amnesia"]
[Result "1-0"]
[WhiteElo "1832"]
[BlackElo "1050"]

1. d4 d5 2. Nf3 Bg4 3. Nbd2 Bxf3 4. Nxf3 e6 5. Bf4 Na6 6. a3 c5 7. e3 Nf6 8.
Bxa6 bxa6 9. h3 Bd6 10. Bxd6 Qxd6 11. dxc5 Qxc5 12. O-O O-O 13. c3 Rab8 14. Qd2
Ne4 15. Qc2 g6 16. Rfd1 e5 17. Nxe5 Qb5 18. Rab1 f6 19. Nd3 f5 20. Nf4 g5 21.
Nxd5 f4 22. Qxe4 Qe2 23. Ne7+ Kh8 24. Qe5+ Rf6 25. Qxf6# 1-0

[Event "Challenge"]
[Site "http://www.queenalice.com/game.php?id=340014"]
[Date "2008.1.21"]
[Round "-"]
[White "amnesia"]
[Black "BOBBY27"]
[Result "0-1"]
[WhiteElo "1050"]
[BlackElo "1777"]

1. e4 c6 2. Nf3 b5 3. d3 d6 4. Ng5 Nf6 5. Nc3 e5 6. d4 Qc7 7. b3 Be7 8. dxe5
dxe5 9. g3 h6 10. Nf3 a5 11. a4 b4 12. Nb1 Nxe4 13. Bb2 Bd6 14. Bd3 Nf6 15. Nbd2
Be6 16. O-O c5 17. Re1 O-O 18. Bxe5 Bxe5 19. Nxe5 Nbd7 20. f4 Rfe8 21. Bc4 Nb6
22. Ne4 Nxe4 23. Rxe4 Nxc4 24. bxc4 Red8 25. Qh5 Rd4 26. Rxd4 cxd4 27. Re1 Re8
28. f5 Bxc4 29. Nf3 Rxe1+ 30. Nxe1 Qc5 0-1

[Event "Challenge"]
[Site "http://www.queenalice.com/game.php?id=340142"]
[Date "2008.1.21"]
[Round "-"]
[White "stonkin"]
[Black "amnesia"]
[Result "1-0"]
[WhiteElo "1639"]
[BlackElo "1050"]

1. e4 e5 2. Nf3 d6 3. h3 Nf6 4. d3 h6 5. Nc3 Nc6 6. Be3 Be6 7. d4 d5 8. dxe5
Nxe4 9. a3 Nxc3 10. bxc3 Qe7 11. Nd4 Na5 12. Nxe6 Qxe6 13. f4 b6 14. Bd3 O-O-O
15. g4 h5 16. Bf5 Qd7 17. Bxd7+ Rxd7 18. g5 c5 19. O-O h4 20. f5 Nc4 21. Bf4 g6
22. f6 a5 23. Rf3 d4 24. Qd3 Nb2 25. Qa6+ Rb7 26. Qb5 dxc3 27. Rxc3 Na4 28. Qxa4
b5 29. Qe4 b4 30. axb4 Rxb4 31. Qa8+ Rb8 32. Qxa5 Rb4 33. Be3 Kd7 34. Bxc5 Ke6
35. Bxb4 Bxb4 36. Qxb4 Kf5 37. Rf1+ Kxg5 38. e6 fxe6 39. f7 1-0

[Event "Challenge"]
[Site "http://www.queenalice.com/game.php?id=345571"]
[Date "2008.1.30"]
[Round "-"]
[White "Croftsy"]
[Black "amnesia"]
[Result "1-0"]
[WhiteElo "1517"]
[BlackElo "1070"]

1. e4 e5 2. Nf3 d6 3. g3 Bg4 4. d4 Bxf3 5. Qxf3 Nc6 6. d5 Nd4 7. Qd3 Qf6 8. Bg2
O-O-O 9. O-O c6 10. Na3 cxd5 11. c3 Nc6 12. exd5 Na5 13. Qe3 g6 14. Qxa7 Nb3 15.
Qa8+ Kc7 16. Nb5+ Kb6 17. Qa7+ Kxb5 18. axb3 Qe7 19. c4+ Kb4 20. Qa4+ Kc5 21.
Be3# 1-0

[Event "Challenge"]
[Site "http://www.queenalice.com/game.php?id=389261"]
[Date "2008.4.17"]
[Round "-"]
[White "johnboy"]
[Black "amnesia"]
[Result "1-0"]
[WhiteElo "1883"]
[BlackElo "1099"]

1. d4 d5 2. c4 Nf6 3. Nc3 dxc4 4. e4 Bg4 5. f3 Bh5 6. Bxc4 e6 7. Nge2 Nc6 8. Be3
Bb4 9. a3 Bxc3+ 10. bxc3 O-O 11. Nf4 g6 12. g4 Bxg4 13. fxg4 Nxg4 14. Qxg4 f5
15. exf5 Rxf5 16. Bxe6+ Kg7 17. Bxf5 Qe8 18. Ne6+ Kf6 19. Qg5+ Kf7 20. O-O Qe7
21. Bg4+ Ke8 22. Qxe7+ Kxe7 23. Bg5+ Kd6 24. Rae1 Ne7 25. Nxc7 Rc8 26. Rxe7 1-0